[Event "EU-ch rapid"]
[Site "Katowice"]
[Date "2017.12.16"]
[Round "3"]
[White "Feuerstack, Aljoscha"]
[Black "Quilter, Thomas A"]
[Result "1-0"]
[WhiteElo "2438"]
[BlackElo "2195"]
[PlyCount "104"]
[EventDate "2017.12.16"]
[EventType "swiss (rapid)"]
[EventRounds "11"]
[EventCountry "POL"]
[SourceTitle "CBM 182 Extra"]
[Source "ChessBase"]
[SourceDate "2018.02.23"]
[SourceVersion "1"]
[SourceVersionDate "2018.02.23"]
[SourceQuality "1"]

1. e4 e5 2. Bc4 Bc5 3. Nc3 d6 4. d3 Nc6 5. f4 exf4 6. Bxf4 Nf6 7. Qd2 Na5 8. Bb5+ c6 9. d4 Bb4 10. Bd3 d5 11. Bg5 dxe4 12. Bf1 h6 13. Bxf6 Qxf6 14. a3 Bxc3 15. Qxc3 b6 16. 0-0-0 0-0 17. Re1 Rd8 18. Ne2 Ba6 19. Ng3 Bxf1 20. Rhxf1 Qxd4 21. Qxd4 Rxd4 22. Nf5 Rd7 23. Rxe4 Nb7 24. Ne7+ Kf8 25. Ng6+ Kg8 26. Ne7+ Kf8 27. Nxc6 Nc5 28. Re3 f6 29. b4 Nb7 30. Rfe1 b5 31. Re7 Rxe7 32. Rxe7 Nd6 33. Rc7 Nc4 34. a4 Re8 35. c3 Re1+ 36. Kc2 Re2+ 37. Kd3 Rd2+ 38. Ke4 a6 39. axb5 axb5 40. Nd4 Nd6+ 41. Kf3 Ne8 42. Ne6+ Kg8 43. Re7 Nd6 44. Rxg7+ Kh8 45. Rd7 Nc4 46. Rxd2 Nxd2+ 47. Ke3 Nf1+ 48. Kf4 Nxh2 49. c4 bxc4 50. b5 c3 51. Nd4 h5 52. b6 Ng4 1-0

[Event "EU-ch blitz"]
[Site "Katowice"]
[Date "2017.12.15"]
[Round "21"]
[White "Pulpan, Jakub"]
[Black "Quilter, Thomas A"]
[Result "1-0"]
[WhiteElo "2400"]
[BlackElo "2195"]
[PlyCount "70"]
[EventDate "2017.12.15"]
[EventType "swiss (blitz)"]
[EventRounds "22"]
[EventCountry "POL"]
[SourceTitle "CBM 182 Extra"]
[Source "ChessBase"]
[SourceDate "2018.02.23"]
[SourceVersion "1"]
[SourceVersionDate "2018.02.23"]
[SourceQuality "1"]

1. e4 d5 2. exd5 Nf6 3. d4 Bg4 4. f3 Bf5 5. g4 Bg6 6. c4 c6 7. dxc6 Nxc6 8. d5 Ne5 9. g5 Nfd7 10. Nc3 Nc5 11. h4 h6 12. gxh6 gxh6 13. h5 Bf5 14. Be3 Ncd3+ 15. Bxd3 Nxd3+ 16. Ke2 Nxb2 17. Qb3 Bd3+ 18. Kd2 Bxc4 19. Qxb2 Bxd5 20. Nxd5 Qxd5+ 21. Ke2 Rg8 22. Qb3 Qxb3 23. axb3 a6 24. Nh3 Bg7 25. Rac1 Be5 26. Bxh6 Rg2+ 27. Nf2 Bd4 28. Be3 Bxe3 29. Kxe3 b5 30. h6 Kd7 31. h7 Rh8 32. Ng4 Rb2 33. Rc3 f5 34. Ne5+ Ke6 35. Ng6 Kd5 1-0